Curso de animadores juveniles: Tomo I, primer nivel

Uloženo v:
Podrobná bibliografie
Hlavní autor: Londoño, Alejandro (autor)
Médium: Kniha
Jazyk:španělština
Vydáno: Bogotá Paulinas 1995
Vydání:2a. ed
Edice:Dinámicas
Témata:
Tagy: Přidat tag
Žádné tagy, Buďte první, kdo vytvoří štítek k tomuto záznamu!

MARC

LEADER 00000nam a2200000 a 4500
001 UCH4392
003 CL-VaPUC
008 090818e19950000CK |||||||||||||||||spa|d
020 |a 9589335152 
082 0 4 |a 269.2  |b LON  |2 21 
100 |a Londoño, Alejandro  |e autor  |9 560586 
245 1 0 |a Curso de animadores juveniles: Tomo I, primer nivel 
250 |a 2a. ed 
300 |a 107 p 
942 |c BK 
945 |d 20090818 00:00:00  |a ccalabra 
260 |a Bogotá  |b Paulinas  |c 1995 
650 0 |a Iglesia Católica  |9 256114 
650 7 |a DINAMICAS  |2 CL-VaPUC  |9 539904 
650 0 |a Catolicismo  |9 258690 
650 7 |a EVANGELIZACION  |2 CL-VaPUC  |9 539905 
650 0 |a Cristianismo  |9 257361 
650 7 |a MISIONES  |2 CL-VaPUC  |9 269280 
583 |a last modification  |c 20090818 00:00:00  |k Rodrigo Vera 
490 0 |a Dinámicas 
999 |c 335716  |d 335714